| 000 | 01881nam0a2200445 4500 | ||
|---|---|---|---|
| 001 | RU\NLR\bibl\1460150 | ||
| 005 | 20250615234514.0 | ||
| 010 |
_a978-5-94881-055-3 _92000 |
||
| 021 |
_aRU _b2009-92897 _95873 |
||
| 035 | _a(nilc)EL/0000186162 | ||
| 035 | _aRU/Архангельская ОНБ/DOLIB/101740 | ||
| 035 | _aRSL-KNO-004413803 | ||
| 035 | _a(NLR Aleph) 001451925 | ||
| 090 |
_a1528637 _c1528637 |
||
| 100 | _a20080409d2008 |||y0rusy50 ca | ||
| 101 | 1 |
_arus _ceng |
|
| 102 | _aRU | ||
| 105 | _ay ||||||||| | ||
| 200 | 1 |
_aЗаговор: мания преследования в умах политиков _fДэниэл Пайпс _g[пер. с англ. Д. Завольского] |
|
| 210 |
_aМосква _cНовый хронограф _d2008 |
||
| 215 |
_a335 с. _d20 |
||
| 300 | _aЗагл. и авт. ориг.: Conspiracy. How the paranoid style flourishes and where it comes from / Pipes Daniel | ||
| 320 | _aБиблиогр.: с. 281-334 | ||
| 454 | 0 |
_12001#$aConspiracy. How the paranoid style flourishes and where it comes from _1700#1$aPipes$bD.$gDaniel$4070 _tConspiracy. How the paranoid style flourishes and where it comes from _aPipes, Daniel |
|
| 606 | 1 |
_aЗаговоры политические _92055797 _3RU\NLR\auth\661232766 |
|
| 686 |
_a03.19 _2rugasnti |
||
| 686 |
_a63.3(0)-5 _vLBC/PL _2rubbk |
||
| 686 |
_a63.3(4)-5 _vLBC/PL _2rubbk |
||
| 686 |
_a63.3(7Сое)6-5 _vLBC/PL _2rubbk |
||
| 686 |
_aТ3(0)0-72,02 _2rubbk |
||
| 686 | _aТ3(0)0,02 | ||
| 700 | 1 |
_aПайпс _bД. _gДэниэл _4070 |
|
| 801 | 0 |
_aRU _bАрхангельская ОНБ _c20080409 _gPSBO |
|
| 801 | 1 |
_aRU _bАрхангельская ОНБ _c20080409 _gPSBO |
|
| 801 | 3 |
_aRU _bАрхангельская ОНБ _c20080409 _gPSBO |
|
| 801 | 2 |
_aRU _bРГБ _c20091120 |
|
| 801 | 2 |
_aRU _bNLR _c20100113 _grcr |
|
| 942 | _cBOOK | ||
| 980 | _aNB | ||